Relevance of the Universal Mission of the Bengali Renaissance for a Sustainable Future for India and the World/ (Record no. 205698)

MARC details
000 -LEADER
fixed length control field 00809nam a22002057a 4500
005 - DATE AND TIME OF LATEST TRANSACTION
control field 20240909112444.0
010 ## - LCCN (DPL NO)
LC control number ENG-141473
020 ## - INTERNATIONAL STANDARD BOOK NUMBER
Terms of availability 1595.00
International Standard Book Number 9788195554539(Vol 2)
035 ## - SYSTEM CONTROL NUMBER
System control number EN-125005
037 ## - SOURCE OF ACQUISITION
Source of stock number/acquisition DBAD
082 ## - DEWEY DECIMAL CLASSIFICATION NUMBER
Classification number 954
245 ## - TITLE STATEMENT
Title Relevance of the Universal Mission of the Bengali Renaissance for a Sustainable Future for India and the World/
Statement of responsibility, etc Edited By Kalyan Kumar Chakravarty [and] Sarmistha De Basu
260 ## - PUBLICATION, DISTRIBUTION, ETC. (IMPRINT)
Place of publication, distribution, etc New Delhi
Name of publisher, distributor, etc Kunal Books
Date of publication, distribution, etc 2024
270 ## - ADDRESS
City New Delhi
Postal code 110002
Address 4648/21 1st Floor, Ansari Road, Darya Ganj
Telephone number 9811043697
-- 011-23275069
Electronic mail address kunalbooks@gmail.com
300 ## - PHYSICAL DESCRIPTION
Extent xxx,364p;
Dimensions 23cm(hbk)
490 ## - SERIES STATEMENT
Volume number/sequential designation Vol 2
700 ## - ADDED ENTRY--PERSONAL NAME
Personal name Chakravarty, Kalyan Kumar
Relator term Editor
9 (RLIN) 71285
700 ## - ADDED ENTRY--PERSONAL NAME
Personal name Basu, Sarmistha De
Relator term Editor
9 (RLIN) 71286
942 ## - ADDED ENTRY ELEMENTS (KOHA)
Source of classification or shelving scheme Dewey Decimal Classification
Item type English Books
Classification part 954
Call number suffix REL
Holdings
Withdrawn status Lost status Materials specified (bound volume or other part) Not for loan Collection code Home library Current library Date acquired Source of acquisition Cost, normal purchase price Full call number Barcode Copy number Cost, replacement price Koha item type
    VOL 2   Non-fiction Bawana Bawana 09/09/2024 DBAD 1595.00 954 REL EN-125005 1 1595.00 English Books

© Delhi Public Library
Hit Counter
free hit counter